[Event "Toronto Closed-A"]
[Site "Toronto CAN"]
[Date "2022.09.26"]
[Round "3"]
[White "Jaferian, Koosha"]
[Black "Plotkin, Victor"]
[Result "1/2-1/2"]
[WhiteElo "2355"]
[BlackElo "2414"]
[PlyCount "110"]
[EventDate "2022.09.12"]
[EventType "tourn"]
[EventRounds "9"]
[EventCountry "CAN"]

1. e4 e5 2. Nf3 Nf6 3. Nxe5 d6 4. Nf3 Nxe4 5. Nc3 Nxc3 6. dxc3 Be7 7. Be3 Nc6
8. Bd3 Be6 9. Qe2 Ne5 10. Nxe5 dxe5 11. O-O-O c6 12. Kb1 Qa5 13. c4 O-O-O 14.
Bd2 Qc7 15. Bc3 Bf6 16. Rde1 Qb6 17. Bxe5 Bxe5 18. Qxe5 Qxf2 19. Qxg7 Rdg8 20.
Qe5 Qxg2 21. Bf5 Bxf5 22. Qxf5+ Kb8 23. Qxf7 Rf8 24. Qe7 Qg6 25. Rhg1 Re8 26.
Qc5 Rxe1+ 27. Rxe1 Re8 28. Rd1 Qe6 29. b3 Qe5 30. Qf2 h5 31. Qf7 Qh8 32. h4 a6
33. a4 Ka8 34. Rg1 Rf8 35. Qe7 Re8 36. Qc5 Rd8 37. Rf1 Re8 38. Qf5 Rd8 39. Qf7
Re8 40. Ka2 Re2 41. Qf8+ Qxf8 42. Rxf8+ Ka7 43. Rf5 Rxc2+ 44. Ka3 b6 45. a5
bxa5 46. Rxa5 Kb6 47. Rxh5 a5 48. Rh7 Kc5 49. h5 Rh2 50. h6 Kd4 51. Rd7+ Kc3
52. h7 Rh1 53. Ka2 Rh2+ 54. Ka3 Rh1 55. Ka2 Rh2+ 1/2-1/2

[Event "Toronto Closed-A"]
[Site "Toronto CAN"]
[Date "2022.09.26"]
[Round "3"]
[White "Rusonik, Max"]
[Black "Gandolfi, Fred"]
[Result "1-0"]
[WhiteElo "2279"]
[BlackElo "2194"]
[PlyCount "81"]
[EventDate "2022.09.12"]
[EventType "tourn"]
[EventRounds "9"]
[EventCountry "CAN"]

1. e4 c5 2. Nf3 Nc6 3. d4 cxd4 4. Nxd4 Nf6 5. Nc3 e6 6. Nxc6 bxc6 7. e5 Nd5 8.
Ne4 Qc7 9. f4 Bb4+ 10. c3 Be7 11. Nd6+ Bxd6 12. exd6 Qb6 13. c4 Nf6 14. Qd3 Bb7
15. Be2 c5 16. O-O Be4 17. Qd2 Qc6 18. Rf2 O-O 19. b3 Ne8 20. Ba3 f5 21. Rd1 a5
22. Qe3 Rc8 23. h3 Rf7 24. Qd2 Qa6 25. Bf1 Rf6 26. Qe3 Qc6 27. Re2 Rf7 28. g4
Bf3 29. Bg2 Bxg2 30. Rxg2 Nf6 31. Bb2 Ne4 32. gxf5 exf5 33. Rd5 g6 34. h4 Re8
35. h5 Re6 36. hxg6 Rxg6 37. Qh3 Rxg2+ 38. Qxg2+ Kf8 39. Rxf5 Nxd6 40. Qg7+ Ke7
41. Bf6+ 1-0

[Event "Toronto Closed-A"]
[Site "Toronto CAN"]
[Date "2022.09.26"]
[Round "3"]
[White "Shih, Matthew"]
[Black "Malakhovets, Sergey"]
[Result "1-0"]
[WhiteElo "2165"]
[BlackElo "2198"]
[PlyCount "121"]
[EventDate "2022.09.12"]
[EventType "tourn"]
[EventRounds "9"]
[EventCountry "CAN"]

1. d4 d5 2. c4 c6 3. Nf3 Nf6 4. e3 a6 5. Qb3 g6 6. Nc3 Bg7 7. Bd3 O-O 8. O-O
dxc4 9. Bxc4 b5 10. Be2 Bb7 11. a4 Nbd7 12. Rd1 Qc7 13. e4 e5 14. d5 cxd5 15.
exd5 Nc5 16. Qb4 e4 17. Ng5 bxa4 18. Be3 Nd3 19. Bxd3 exd3 20. Rxd3 Rab8 21.
Bf4 Qd7 22. Bxb8 Rxb8 23. Nge4 Nxe4 24. Nxe4 Qb5 25. Qxb5 axb5 26. Nc5 Bxb2 27.
Re1 a3 28. d6 Bc6 29. d7 Bxd7 30. Rxd7 b4 31. Nb3 Rc8 32. Rdd1 Rc3 33. Re3 Rc2
34. Kf1 h5 35. Re2 Rc3 36. Rxb2 axb2 37. Nd2 Rc1 38. Ke2 b3 39. Nb1 Kg7 40. Kd2
Rc2+ 41. Ke1 Rc1 42. Na3 Ra1 43. Nb1 Ra4 44. Rd2 Rc4 45. Rxb2 Rc1+ 46. Kd2 Rg1
47. g3 Rg2 48. Ke3 Rxh2 49. Nd2 Rh1 50. Rxb3 h4 51. g4 g5 52. Rb1 Rh3+ 53. Nf3
f6 54. Ke4 Kg6 55. Rd1 Kf7 56. Rf1 Ke7 57. Rb1 Kf7 58. Rb7+ Kf8 59. Nd4 Ra3 60.
Kf5 Ra6 61. Ne6+ 1-0

[Event "Toronto Closed-A"]
[Site "Toronto CAN"]
[Date "2022.10.03"]
[Round "4"]
[White "Barron, Michael"]
[Black "Jaferian, Koosha"]
[Result "0-1"]
[WhiteElo "2277"]
[BlackElo "2355"]
[PlyCount "140"]
[EventDate "2022.09.12"]
[EventType "tourn"]
[EventRounds "9"]
[EventCountry "CAN"]

1. e4 c6 2. d4 d5 3. e5 Bf5 4. Be3 Qb6 5. Qc1 e6 6. Nd2 Nd7 7. Ngf3 h6 8. Be2
Ne7 9. c4 Bh7 10. c5 Qc7 11. b4 f6 12. Bf4 g5 13. Bg3 f5 14. h3 f4 15. Bh2 Nf5
16. Nb3 Be7 17. g4 fxg3 18. fxg3 Bf8 19. g4 Ne7 20. h4 gxh4 21. Nxh4 Bg7 22.
Bf4 Be4 23. Bf3 O-O-O 24. Qe3 Rdf8 25. Bxe4 dxe4 26. Qxe4 Nd5 27. Bd2 Rf7 28.
O-O-O Nf8 29. a3 Qe7 30. Ng6 Nxg6 31. Qxg6 Rhf8 32. Bxh6 Bxh6+ 33. Rxh6 Nf4 34.
Qc2 Qg5 35. Rf6 Nd5+ 36. Qd2 Qxd2+ 37. Nxd2 Nxf6 38. exf6 Rxf6 39. g5 Rf4 40.
Re1 Kd7 41. Ne4 Rf1 42. Rxf1 Rxf1+ 43. Kd2 Ra1 44. Ke3 Rxa3+ 45. Kf4 Ke7 46. g6
Rd3 47. g7 Kf7 48. Nd6+ Kxg7 49. Ke4 Rb3 50. Nxb7 Rxb4 51. Na5 Ra4 52. Nxc6 Kf6
53. Ne5 Ke7 54. Ng6+ Kd7 55. Nf8+ Ke7 56. Ng6+ Kf6 57. Ne5 Ra1 58. Nd3 Ra2 59.
c6 Re2+ 60. Kf3 Rc2 61. Nc5 Rxc5 62. dxc5 Ke7 63. Ke4 Kd8 64. Ke5 Kc7 65. Kxe6
Kxc6 66. Ke5 Kxc5 67. Ke4 Kc4 68. Ke3 Kc3 69. Ke2 a5 70. Kd1 Kb2 0-1

[Event "Toronto Closed-A"]
[Site "Toronto CAN"]
[Date "2022.10.03"]
[Round "4"]
[White "Gandolfi, Fred"]
[Black "Derraugh, Geordie"]
[Result "1-0"]
[WhiteElo "2194"]
[BlackElo "2337"]
[PlyCount "77"]
[EventDate "2022.09.12"]
[EventType "tourn"]
[EventRounds "9"]
[EventCountry "CAN"]

1. d4 Nf6 2. c4 e6 3. Nf3 Bb4+ 4. Nbd2 O-O 5. a3 Be7 6. e4 d5 7. e5 Ne4 8. Qc2
Nxd2 9. Bxd2 h6 10. h4 dxc4 11. Bxc4 c5 12. Be3 cxd4 13. Bxd4 Qc7 14. Qe2 b6
15. O-O Bb7 16. Rac1 Nc6 17. Bc3 Rac8 18. Ba2 Qb8 19. h5 Rfd8 20. Bb1 Kf8 21.
Rfe1 Na5 22. Nd2 Bd5 23. Ne4 Nc4 24. Nf6 gxf6 25. exf6 Bd6 26. Qg4 a5 27. Bh7
Ke8 28. Qg8+ Bf8 29. Rcd1 Qb7 30. b3 Nxa3 31. Bd2 Rc5 32. Bxh6 Kd7 33. Bxf8 Kc8
34. Qg7 Nc2 35. Bxc5 Nxe1 36. Be7 Nxg2 37. Bxd8 Nh4 38. Rc1+ Kb8 39. Qg3+ 1-0

[Event "Toronto Closed-A"]
[Site "Toronto CAN"]
[Date "2022.10.03"]
[Round "4"]
[White "Huang, Youhe"]
[Black "Gavrilin, Roman"]
[Result "1/2-1/2"]
[WhiteElo "2232"]
[BlackElo "2267"]
[PlyCount "63"]
[EventDate "2022.09.12"]
[EventType "tourn"]
[EventRounds "9"]
[EventCountry "CAN"]

1. e4 c5 2. Nf3 d6 3. d4 cxd4 4. Nxd4 Nf6 5. Nc3 a6 6. Nb3 e6 7. g4 d5 8. Bg2
Bb4 9. Bd2 O-O 10. g5 Bxc3 11. Bxc3 Nxe4 12. Bxe4 dxe4 13. Rg1 Nc6 14. Qe2 e5
15. Qxe4 Be6 16. Nd2 Qd5 17. Qxd5 Bxd5 18. O-O-O Rad8 19. Rde1 Rfe8 20. Re3 Re7
21. h4 Kf8 22. Rge1 Rde8 23. Nf1 f5 24. gxf6 gxf6 25. Ng3 Kf7 26. Nf5 Rd7 27.
Rg3 Red8 28. Nh6+ Kf8 29. Ng4 Kf7 30. Nh6+ Kf8 31. Ng4 Kf7 32. Nh6+ 1/2-1/2

[Event "Toronto Closed-A"]
[Site "Toronto CAN"]
[Date "2022.10.03"]
[Round "4"]
[White "Malakhovets, Sergey"]
[Black "Plotkin, Victor"]
[Result "0-1"]
[WhiteElo "2198"]
[BlackElo "2414"]
[PlyCount "88"]
[EventDate "2022.09.12"]
[EventType "tourn"]
[EventRounds "9"]
[EventCountry "CAN"]

1. d4 Nf6 2. Nf3 d5 3. Bf4 c5 4. e3 Qb6 5. Nc3 Bd7 6. dxc5 Qxc5 7. Qd4 e6 8.
Nb5 Bxb5 9. Qxc5 Bxc5 10. Bxb5+ Ke7 11. h3 a6 12. Bd3 Nc6 13. a3 Rhd8 14. c4 h6
15. b4 Bd6 16. c5 Bxf4 17. exf4 Ne4 18. h4 a5 19. b5 Nxc5 20. bxc6 Nxd3+ 21.
Kd2 Nc5 22. cxb7 Nxb7 23. Ne5 Rdc8 24. Rab1 Nd6 25. Rhc1 f6 26. Ng6+ Kd7 27.
Rxc8 Rxc8 28. f3 Kc7 29. Kd3 Nc4 30. Rb5 Ra8 31. Rb3 a4 32. Rc3 Kd6 33. h5 Rb8
34. Rc2 Nxa3 35. Ra2 Nc4 36. Kc3 a3 37. g4 Rb1 38. f5 e5 39. Nf8 Rf1 40. Ne6
Rxf3+ 41. Kb4 e4 42. Nxg7 e3 43. g5 fxg5 44. Ne8+ Ke5 0-1

[Event "Toronto Closed-A"]
[Site "Toronto CAN"]
[Date "2022.10.03"]
[Round "4"]
[White "Shih, Matthew"]
[Black "Rusonik, Max"]
[Result "0-1"]
[WhiteElo "2165"]
[BlackElo "2279"]
[PlyCount "108"]
[EventDate "2022.09.12"]
[EventType "tourn"]
[EventRounds "9"]
[EventCountry "CAN"]

1. d4 Nf6 2. c4 e6 3. Nf3 d5 4. Nc3 c5 5. cxd5 Nxd5 6. e4 Nxc3 7. bxc3 cxd4 8.
cxd4 Bb4+ 9. Bd2 Bxd2+ 10. Qxd2 O-O 11. Bc4 Nd7 12. O-O b6 13. Rad1 Bb7 14.
Rfe1 Rc8 15. Bb3 h6 16. h3 Nf6 17. Qd3 Re8 18. Re3 Re7 19. Ne5 Rec7 20. d5 exd5
21. exd5 Qd6 22. Qe2 Rc1 23. Qd2 Rxd1+ 24. Qxd1 Bxd5 25. Bxd5 Qxd5 26. Qxd5
Nxd5 27. Rd3 Rc5 28. a3 f6 29. Nf3 Kf7 30. g3 Ke6 31. Kg2 Rc3 32. Nd4+ Ke5 33.
Rxc3 Nxc3 34. Nc6+ Kd6 35. Nxa7 Kc7 36. a4 Kb7 37. Nb5 Nxb5 38. axb5 Kc7 39.
Kf3 Kd6 40. Ke4 Kc5 41. Kf5 Kxb5 42. Kg6 Kc6 43. Kxg7 b5 44. Kxf6 b4 45. f4 b3
46. Kg6 b2 47. Kxh6 b1=Q 48. g4 Kd6 49. Kg7 Qc1 50. g5 Qxf4 51. g6 Ke7 52. Kh7
Qh4+ 53. Kg8 Qh6 54. g7 Kf6 0-1

[Event "Toronto Closed-A"]
[Site "Toronto CAN"]
[Date "2022.10.17"]
[Round "5"]
[White "Derraugh, Geordie"]
[Black "Shih, Matthew"]
[Result "0-1"]
[WhiteElo "2337"]
[BlackElo "2165"]
[PlyCount "90"]
[EventDate "2022.09.12"]
[EventType "tourn"]
[EventRounds "9"]
[EventCountry "CAN"]

1. e4 c5 2. Nf3 d6 3. d4 cxd4 4. Nxd4 Nf6 5. Nc3 Nc6 6. Bc4 Qb6 7. Nxc6 bxc6 8.
O-O e6 9. b3 Be7 10. Bb2 O-O 11. Na4 Qc7 12. e5 dxe5 13. Qe2 Bd6 14. Rfe1 Nd7
15. Bd3 f5 16. Bc4 Re8 17. Qh5 g6 18. Qh3 Nb6 19. Nxb6 axb6 20. a4 Ba6 21. Bxa6
Rxa6 22. f4 Ra5 23. fxe5 Bf8 24. c4 b5 25. Bc3 Raa8 26. Qe3 Red8 27. Rec1 Qb7
28. axb5 cxb5 29. c5 b4 30. Rxa8 Rxa8 31. Be1 Qd5 32. Bf2 Rc8 33. Qd4 Rxc5 34.
Rc4 Qxd4 35. Bxd4 Rxc4 36. bxc4 Kf7 37. Kf2 Ke8 38. Ke2 Kd7 39. Kd3 Kc6 40. Kc2
Bc5 41. Bb2 Bg1 42. h3 Kc5 43. Kb3 Be3 44. Ba1 g5 45. Bb2 h5 0-1

[Event "Toronto Closed-A"]
[Site "Toronto CAN"]
[Date "2022.10.17"]
[Round "5"]
[White "Gavrilin, Roman"]
[Black "Gandolfi, Fred"]
[Result "1-0"]
[WhiteElo "2267"]
[BlackElo "2194"]
[PlyCount "85"]
[EventDate "2022.09.12"]
[EventType "tourn"]
[EventRounds "9"]
[EventCountry "CAN"]

1. e4 c5 2. Nf3 Nc6 3. Bb5 e6 4. Bxc6 bxc6 5. d3 d5 6. O-O g6 7. c4 d4 8. e5 h5
9. Nbd2 g5 10. Ne4 g4 11. Nfg5 Qc7 12. f4 Nh6 13. Nf6+ Kd8 14. Qa4 Be7 15. Nfe4
Ke8 16. Bd2 a5 17. Nd6+ Kf8 18. Qa3 Bxd6 19. exd6 Qxd6 20. Ne4 Qe7 21. Nxc5 Nf5
22. b4 Kg7 23. bxa5 Qc7 24. Rab1 Ne3 25. Bxe3 dxe3 26. Qc3+ f6 27. Rb7 Qxb7 28.
Nxb7 Bxb7 29. Qb4 Rab8 30. Qe7+ Kg6 31. Qxe6 Rhe8 32. f5+ Kg7 33. Qd7+ Kg8 34.
Re1 c5 35. Qd6 Rbd8 36. Qxf6 Rxd3 37. Qg6+ Kf8 38. f6 Rd7 39. Qh6+ Kg8 40. Rxe3
Red8 41. Re7 Rd1+ 42. Kf2 R8d2+ 43. Kg3 1-0

[Event "Toronto Closed-A"]
[Site "Toronto CAN"]
[Date "2022.10.17"]
[Round "5"]
[White "Jaferian, Koosha"]
[Black "Huang, Youhe"]
[Result "0-1"]
[WhiteElo "2355"]
[BlackElo "2232"]
[PlyCount "92"]
[EventDate "2022.09.12"]
[EventType "tourn"]
[EventRounds "9"]
[EventCountry "CAN"]

1. d4 d5 2. c4 e6 3. Nc3 c6 4. e3 Nf6 5. Nf3 Nbd7 6. Be2 Bd6 7. O-O O-O 8. b3
b6 9. Bb2 Bb7 10. Bd3 c5 11. cxd5 exd5 12. Rc1 Re8 13. Ne2 Rc8 14. Ng3 Bf8 15.
dxc5 bxc5 16. Bf5 Rc7 17. Qd2 Bd6 18. Rfd1 Ne5 19. Nxe5 Bxe5 20. Bxe5 Rxe5 21.
Qa5 Qe7 22. Qxa7 g6 23. Bh3 h5 24. Qb8+ Kg7 25. b4 h4 26. Nf1 c4 27. Nd2 g5 28.
g3 g4 29. Bg2 h3 30. Bh1 Rxe3 31. Nf1 Ra3 32. Re1 Qd7 33. b5 Ra8 34. Qxc7 Qxc7
35. Ne3 Rxa2 36. Nf5+ Kg6 37. Ne7+ Kh7 38. Nf5 Qb6 39. Ne3 Qd4 40. Rcd1 Qb2 41.
Rf1 Qxb5 42. Rb1 Rb2 43. Rbd1 c3 44. Nf5 c2 45. Rc1 Qxf1+ 46. Rxf1 Rb1 0-1

[Event "Toronto Closed-A"]
[Site "Toronto CAN"]
[Date "2022.11.28"]
[Round "5"]
[White "Plotkin, Victor"]
[Black "Barron, Michael"]
[Result "0-1"]
[WhiteElo "2414"]
[BlackElo "2277"]
[PlyCount "92"]
[EventDate "2022.09.12"]
[EventType "tourn"]
[EventRounds "9"]
[EventCountry "CAN"]

1. e4 e5 2. Nf3 Nc6 3. Bc4 Bc5 4. O-O Nf6 5. d3 d6 6. c3 a5 7. d4 Bb6 8. dxe5
Nxe5 9. Nxe5 dxe5 10. Qxd8+ Kxd8 11. Bg5 Ke7 12. Nd2 h6 13. Bh4 Bg4 14. h3 Rad8
15. Nf3 Bxf3 16. gxf3 g5 17. Bg3 Nd7 18. Rfd1 f6 19. Kf1 Nc5 20. Ke2 Na4 21.
Bb5 Nc5 22. h4 c6 23. Bc4 Na4 24. Bb3 Nc5 25. Bc4 Bc7 26. Rxd8 Bxd8 27. a4 Bc7
28. b3 Rb8 29. Rh1 b5 30. axb5 cxb5 31. Bd5 b4 32. hxg5 hxg5 33. cxb4 Rxb4 34.
Rh7+ Kd6 35. Rf7 Bd8 36. Rf8 Kd7 37. Rf7+ Be7 38. f4 exf4 39. Bh2 Nxe4 40. Kd3
Nxf2+ 41. Kc2 Ng4 42. Bg1 Ne3+ 43. Bxe3 fxe3 44. Kd3 Kd6 45. Bc4 a4 46. Kxe3
axb3 0-1

[Event "Toronto Closed-A"]
[Site "Toronto CAN"]
[Date "2022.10.17"]
[Round "5"]
[White "Rusonik, Max"]
[Black "Malakhovets, Sergey"]
[Result "1/2-1/2"]
[WhiteElo "2279"]
[BlackElo "2198"]
[PlyCount "95"]
[EventDate "2022.09.12"]
[EventType "tourn"]
[EventRounds "9"]
[EventCountry "CAN"]

1. e4 c5 2. Nf3 Nc6 3. d4 cxd4 4. Nxd4 Nf6 5. Nc3 e5 6. Ndb5 d6 7. Nd5 Nxd5 8.
exd5 Ne7 9. c4 Ng6 10. Qa4 Bd7 11. Qb4 Qb8 12. Be3 a6 13. Nc3 f5 14. Bd3 Be7
15. Na4 Nh4 16. O-O-O b5 17. Nb6 bxc4 18. Qxc4 Bb5 19. Qb3 Bxd3 20. Nxa8 Qxb3
21. axb3 Be4 22. f3 Nxg2 23. fxe4 Nxe3 24. Nc7+ Kd7 25. Ne6 Nxd1 26. Kxd1 fxe4
27. Ke2 Rb8 28. Rc1 Rc8 29. Rc4 a5 30. Rxc8 Kxc8 31. Nxg7 Bg5 32. Nf5 Kd7 33.
h3 Bc1 34. Ng3 Bxb2 35. Nxe4 Ke7 36. Kf3 Bc1 37. Kg4 Bf4 38. Kf5 Be3 39. Nf6 h6
40. Ne4 Bf4 41. Kg6 Bg5 42. Kf5 Bf4 43. h4 Be3 44. h5 Bf4 45. Kg4 Kd7 46. Kf5
Ke7 47. Kg4 Kd7 48. Kf5 1/2-1/2

[Event "Toronto Closed-A"]
[Site "Toronto CAN"]
[Date "2022.10.24"]
[Round "6"]
[White "Gandolfi, Fred"]
[Black "Jaferian, Koosha"]
[Result "0-1"]
[WhiteElo "2194"]
[BlackElo "2355"]
[PlyCount "98"]
[EventDate "2022.09.12"]
[EventType "tourn"]
[EventRounds "9"]
[EventCountry "CAN"]

1. c4 c5 2. Nc3 Nc6 3. g3 g6 4. Bg2 Bg7 5. d3 d6 6. Nf3 e5 7. Nd5 Nge7 8. h4
Nxd5 9. cxd5 Ne7 10. e4 h6 11. Bd2 f5 12. Qc2 Bd7 13. Bc3 b5 14. O-O O-O 15.
Rad1 Qe8 16. Nh2 f4 17. Be1 g5 18. hxg5 hxg5 19. f3 Qh5 20. g4 Qh6 21. Rf2 Kf7
22. Bf1 Rh8 23. b4 Rac8 24. bxc5 Rxc5 25. Qb3 Ng6 26. Qa3 Nh4 27. Be2 Rc7 28.
Bb4 Bf8 29. Rc1 Rxc1+ 30. Qxc1 Rh7 31. Kf1 Qf6 32. Ke1 Qd8 33. Nf1 a5 34. Bc3
Qb6 35. Qb2 Bg7 36. a3 Rh8 37. Bd1 Rc8 38. Qd2 Ra8 39. Qb2 Rb8 40. Qd2 b4 41.
axb4 axb4 42. Bb2 b3 43. Qc3 Bf6 44. Nd2 Bb5 45. Nc4 Bxc4 46. dxc4 Qc5 47. Bxb3
Bd8 48. Kf1 Bb6 49. Rd2 Ba5 0-1

[Event "Toronto Closed-A"]
[Site "Toronto CAN"]
[Date "2022.11.11"]
[Round "6"]
[White "Huang, Youhe"]
[Black "Plotkin, Victor"]
[Result "1-0"]
[WhiteElo "2232"]
[BlackElo "2414"]
[PlyCount "59"]
[EventDate "2022.09.12"]
[EventType "tourn"]
[EventRounds "9"]
[EventCountry "CAN"]

1. e4 e5 2. Nf3 Nc6 3. Bb5 a6 4. Ba4 Nf6 5. d3 Bc5 6. O-O b5 7. Bb3 d6 8. c3
O-O 9. Bg5 h6 10. Bh4 Bb6 11. a4 Rb8 12. Nbd2 g5 13. Nxg5 hxg5 14. Bxg5 Bg4 15.
Qe1 Kg7 16. Kh1 Qd7 17. f4 Nh5 18. f5 Rh8 19. Qh4 Be2 20. Rfe1 Bxd3 21. g4 Rbg8
22. gxh5 Kf8 23. axb5 Na5 24. bxa6 Bxa6 25. h6 Rh7 26. Rxa5 Bxa5 27. Ra1 c6 28.
Rxa5 Qb7 29. Be3 Ke8 30. Qf6 1-0

[Event "Toronto Closed-A"]
[Site "Toronto CAN"]
[Date "2022.10.24"]
[Round "6"]
[White "Malakhovets, Sergey"]
[Black "Barron, Michael"]
[Result "1-0"]
[WhiteElo "2198"]
[BlackElo "2277"]
[PlyCount "69"]
[EventDate "2022.09.12"]
[EventType "tourn"]
[EventRounds "9"]
[EventCountry "CAN"]

1. d4 f5 2. Bf4 Nf6 3. e3 g6 4. h4 Bg7 5. h5 Nxh5 6. Rxh5 gxh5 7. Qxh5+ Kf8 8.
Qxf5+ Kg8 9. Nc3 c6 10. Nf3 Qf8 11. Qh5 Qf7 12. Qh2 d6 13. O-O-O Bg4 14. Ng5
Qh5 15. Bc4+ d5 16. Nxd5 cxd5 17. Bxd5+ e6 18. Bxe6+ Kf8 19. Bd6+ Ke8 20. Bf7+
Qxf7 21. Nxf7 Rg8 22. Qh4 Kxf7 23. Qxg4 Bf6 24. Qh5+ Ke6 25. Bg3 Nd7 26. Qh3+
Ke7 27. Qxh7+ Rg7 28. Qe4+ Kd8 29. Rh1 Re7 30. Qd5 Ke8 31. Qg8+ Nf8 32. Bd6 Rf7
33. Bxf8 Rxf8 34. Qe6+ Be7 35. Rh7 1-0

[Event "Toronto Closed-A"]
[Site "Toronto CAN"]
[Date "2022.10.24"]
[Round "6"]
[White "Rusonik, Max"]
[Black "Derraugh, Geordie"]
[Result "1-0"]
[WhiteElo "2279"]
[BlackElo "2337"]
[PlyCount "119"]
[EventDate "2022.09.12"]
[EventType "tourn"]
[EventRounds "9"]
[EventCountry "CAN"]

1. e4 c5 2. Nf3 e6 3. d4 cxd4 4. Nxd4 Nc6 5. Nc3 Qc7 6. Be3 a6 7. g4 b5 8. Nxc6
Qxc6 9. Qd2 Nf6 10. f3 Bb4 11. g5 Nh5 12. Bd4 d6 13. O-O-O O-O 14. f4 Re8 15.
Be2 Nxf4 16. Qxf4 e5 17. Qg3 exd4 18. Nd5 Bc5 19. Nf6+ Kh8 20. Nxe8 Qxe8 21.
Bg4 Bb7 22. Rhf1 Ra7 23. Rde1 Bc6 24. e5 Re7 25. e6 Bd5 26. exf7 Bxf7 27. Rxe7
Qxe7 28. Qf4 Kg8 29. Kb1 Bc4 30. Rd1 g6 31. b3 Bf7 32. Rf1 d3 33. cxd3 a5 34.
Qe4 Qxe4 35. dxe4 Bd4 36. Kc2 Be5 37. h3 Kg7 38. Bd7 b4 39. Bc6 Bg3 40. Bd5 Be8
41. Rg1 Bh2 42. Rg2 Be5 43. Kd3 Kf8 44. Rc2 Bd7 45. Rf2+ Ke8 46. Rf3 Bb5+ 47.
Bc4 Bd7 48. Bg8 Bb5+ 49. Ke3 Bb2 50. Bxh7 Bc1+ 51. Kd4 Bxg5 52. Bxg6+ Ke7 53.
Rf5 Bf6+ 54. Ke3 Be5 55. Rf7+ Ke6 56. Ra7 a4 57. bxa4 Bf1 58. a5 Kf6 59. Rf7+
Kxg6 60. Rxf1 1-0

[Event "Toronto Closed-A"]
[Site "Toronto CAN"]
[Date "2022.10.12"]
[Round "6"]
[White "Shih, Matthew"]
[Black "Gavrilin, Roman"]
[Result "0-1"]
[WhiteElo "2165"]
[BlackElo "2267"]
[PlyCount "124"]
[EventDate "2022.09.12"]
[EventType "tourn"]
[EventRounds "9"]
[EventCountry "CAN"]

1. d4 Nf6 2. c4 e6 3. Nf3 b6 4. g3 Bb7 5. Bg2 Bb4+ 6. Bd2 Be7 7. Nc3 O-O 8. O-O
c6 9. e4 d5 10. e5 Ne4 11. cxd5 cxd5 12. Rc1 Nxd2 13. Qxd2 Nc6 14. Rfe1 Rc8 15.
Qd3 Na5 16. Ne2 Qd7 17. b3 h6 18. h4 Ba3 19. Rxc8 Rxc8 20. g4 Qc6 21. g5 Qc2
22. Qe3 Qe4 23. Ng3 Qxe3 24. Rxe3 hxg5 25. hxg5 g6 26. Bf1 Nc6 27. Bd3 Bb2 28.
Ne2 Nb4 29. Bb1 Ba6 30. Kg2 Kf8 31. Ne1 Bc1 32. Nxc1 Rxc1 33. a3 Nc6 34. Bd3
Bxd3 35. Nxd3 Ra1 36. Nf4 Nxd4 37. a4 Rb1 38. Rc3 Rxb3 39. Rc8+ Kg7 40. Rc7 a5
41. Rb7 Rb4 42. Nd3 Rxa4 43. Rxb6 Ra3 44. Nc5 Nf3 45. Rb7 Nxg5 46. f4 Rc3 47.
Rc7 Ne4 48. Nxe6+ Kg8 49. Rxc3 Nxc3 50. Nd4 a4 51. Kf3 a3 52. Ke3 a2 53. Nb3
Nb5 54. Kd2 Kf8 55. Kc1 Nd4 56. Na1 Ne2+ 57. Kb2 Nxf4 58. Kxa2 Nd3 59. Kb3 Nxe5
60. Kc3 Ke7 61. Nc2 Nc6 62. Kd3 Kd6 0-1

[Event "Toronto Closed-A"]
[Site "Toronto CAN"]
[Date "2022.10.31"]
[Round "7"]
[White "Barron, Michael"]
[Black "Huang, Youhe"]
[Result "1-0"]
[WhiteElo "2277"]
[BlackElo "2232"]
[PlyCount "63"]
[EventDate "2022.09.12"]
[EventType "tourn"]
[EventRounds "9"]
[EventCountry "CAN"]

1. e4 c5 2. Nf3 Nc6 3. d4 cxd4 4. Nxd4 Nf6 5. Nc3 e5 6. Ndb5 d6 7. Nd5 Nxd5 8.
exd5 Nb8 9. c4 Be7 10. Bd3 O-O 11. O-O Nd7 12. Kh1 f5 13. f4 a6 14. Nc3 g6 15.
Be3 Bf6 16. Rc1 exf4 17. Bxf4 Be5 18. b4 a5 19. a3 axb4 20. axb4 Qb6 21. Nb5
Bxf4 22. Rxf4 Re8 23. c5 dxc5 24. d6 Ne5 25. bxc5 Qc6 26. Nc7 Ra2 27. Bf1 Ra5
28. Qb3+ Kf8 29. Nxe8 Qxe8 30. Qc3 g5 31. Rf2 Nc6 32. Qh8+ 1-0

[Event "Toronto Closed-A"]
[Site "Toronto CAN"]
[Date "2022.10.31"]
[Round "7"]
[White "Derraugh, Geordie"]
[Black "Malakhovets, Sergey"]
[Result "0-1"]
[WhiteElo "2337"]
[BlackElo "2198"]
[PlyCount "116"]
[EventDate "2022.09.12"]
[EventType "tourn"]
[EventRounds "9"]
[EventCountry "CAN"]

1. e4 c5 2. Nf3 Nc6 3. d4 cxd4 4. Nxd4 Nf6 5. Nc3 e5 6. Ndb5 d6 7. Nd5 Nxd5 8.
exd5 Nb8 9. a4 Be7 10. Bd2 Nd7 11. Be2 O-O 12. a5 a6 13. Na3 Nf6 14. Bb4 Bf5
15. Nc4 Rc8 16. c3 Be4 17. Nb6 Bxg2 18. Rg1 Be4 19. Nxc8 Qxc8 20. c4 Qh3 21.
Ra3 Qh4 22. Rag3 Bg6 23. Qb3 Ne4 24. R3g2 Kh8 25. Qf3 Nf6 26. Bd2 Ne4 27. Be3
f5 28. Rxg6 hxg6 29. Rxg6 Qh7 30. Re6 Bg5 31. Bd3 Bxe3 32. Bxe4 Bf4 33. Bc2
Qxh2 34. Rg6 e4 35. Qe2 Qh1+ 36. Qf1 Bd2+ 37. Ke2 Qh5+ 38. Kxd2 Qxg6 39. Kc1
Qg5+ 40. Kb1 Qd2 41. Qh3+ Kg8 42. Qa3 Qe1+ 43. Ka2 Qxf2 44. Bb3 Qc5 45. Qa4 e3
46. Bd1 Qd4 47. Bf3 Qe5 48. Be2 g6 49. c5 Kg7 50. Qc4 f4 51. c6 bxc6 52. dxc6
Qxa5+ 53. Kb1 Qc5 54. Qxa6 f3 55. Qb7+ Rf7 56. Bxf3 Rxb7 57. cxb7 Qb6 58. Kc2
e2 0-1

[Event "Toronto Closed-A"]
[Site "Toronto CAN"]
[Date "2022.10.31"]
[Round "7"]
[White "Gavrilin, Roman"]
[Black "Rusonik, Max"]
[Result "1-0"]
[WhiteElo "2267"]
[BlackElo "2279"]
[PlyCount "97"]
[EventDate "2022.09.12"]
[EventType "tourn"]
[EventRounds "9"]
[EventCountry "CAN"]

1. e4 e5 2. Nf3 Nc6 3. Bc4 Bc5 4. O-O Nf6 5. d4 Bxd4 6. Nxd4 Nxd4 7. f4 d6 8.
fxe5 dxe5 9. Bg5 Qe7 10. Na3 Rg8 11. Kh1 Bd7 12. c3 Ne6 13. Bxf6 gxf6 14. Qf3
Rg6 15. Qf2 Bc6 16. Rae1 Nc5 17. Qf5 Qd7 18. Qxd7+ Bxd7 19. b4 Ne6 20. Nc2 b5
21. Bb3 a5 22. Ne3 a4 23. Bc2 Bc6 24. Nd5 Rd8 25. Nxf6+ Kf8 26. Nd5 Nf4 27.
Nxf4 exf4 28. Re2 Rgd6 29. Kg1 Rd2 30. Rxd2 Rxd2 31. Rf2 Rd6 32. Rxf4 Bd7 33.
a3 Be6 34. Rf2 Bc4 35. e5 Rd5 36. e6 Re5 37. Rxf7+ Ke8 38. Bf5 Re2 39. g4 Ra2
40. Rxc7 Rxa3 41. e7 Ra1+ 42. Kg2 Bd5+ 43. Kf2 a3 44. Bd3 Bc6 45. Rxc6 a2 46.
Ra6 Rh1 47. Bxb5+ Kxe7 48. Bf1 Rxh2+ 49. Bg2 1-0

[Event "Toronto Closed-A"]
[Site "Toronto CAN"]
[Date "2022.10.31"]
[Round "7"]
[White "Jaferian, Koosha"]
[Black "Shih, Matthew"]
[Result "1-0"]
[WhiteElo "2355"]
[BlackElo "2165"]
[PlyCount "71"]
[EventDate "2022.09.12"]
[EventType "tourn"]
[EventRounds "9"]
[EventCountry "CAN"]

1. e4 c5 2. Nc3 Nc6 3. Bb5 Nd4 4. Nf3 Nxb5 5. Nxb5 a6 6. Nc3 d6 7. d4 cxd4 8.
Qxd4 e5 9. Qb4 Be7 10. O-O Nf6 11. Bg5 O-O 12. Bxf6 gxf6 13. Nd5 a5 14. Qb3 f5
15. Nxe5 Bh4 16. Nf3 fxe4 17. Nxh4 Qxh4 18. Qc3 f5 19. f3 Be6 20. fxe4 Rac8 21.
Qd2 fxe4 22. Nf4 Qe7 23. Rae1 Bc4 24. Rf2 Rc5 25. Re3 Rcf5 26. Qd4 Qe5 27.
Qxc4+ d5 28. Rg3+ Kh8 29. Qc5 Qxb2 30. Qe7 Qa1+ 31. Rf1 Qd4+ 32. Kh1 Qf6 33.
Ng6+ Qxg6 34. Qxf8+ Rxf8 35. Rxf8+ Kg7 36. Rxg6+ 1-0

[Event "Toronto Closed-A"]
[Site "Toronto CAN"]
[Date "2022.10.31"]
[Round "7"]
[White "Plotkin, Victor"]
[Black "Gandolfi, Fred"]
[Result "1-0"]
[WhiteElo "2414"]
[BlackElo "2194"]
[PlyCount "79"]
[EventDate "2022.09.12"]
[EventType "tourn"]
[EventRounds "9"]
[EventCountry "CAN"]

1. e4 c5 2. Nf3 d6 3. Bb5+ Nd7 4. c3 a6 5. Ba4 b5 6. Bc2 e5 7. d4 Ngf6 8. O-O
Be7 9. Nh4 O-O 10. Nf5 Re8 11. dxe5 dxe5 12. Be3 Bb7 13. f3 Qc7 14. Nxe7+ Rxe7
15. Qe2 Rc8 16. a4 b4 17. cxb4 cxb4 18. Bd3 a5 19. Nd2 Re6 20. Nb3 Qd8 21. Rfd1
Ra8 22. Bc4 Re7 23. Bc5 Re8 24. Bb5 Re6 25. Rac1 Bc6 26. Be3 Qc7 27. Qc4 Rc8
28. Bxc6 Rxc6 29. Qxc6 Qxc6 30. Rxc6 Rxc6 31. Nxa5 Ra6 32. Nc4 Rxa4 33. Nxe5
Nf8 34. Rd8 h6 35. Bc5 N6h7 36. Nd7 Ra1+ 37. Kf2 Rd1 38. Bxf8 Rxd7 39. Rxd7
Nxf8 40. Rb7 1-0